书目信息 |
| 题名: |
推土铲运机
|
|
| 作者: | ;陕西省建筑工程局《推土铲运机》编写组 编 | |
| 分册: | ||
| 出版信息: | 北京 中国建筑工业出版社 1973 |
|
| 页数: | 120页 | |
| 开本: | 20cm | |
| 丛书名: | ||
| 单 册: | ||
| 中图分类: | TU62 | |
| 科图分类: | ||
| 主题词: | 挖掘机械 , 铲土运输机械 | |
| 电子资源: | ||
| ISBN: | ||
| 000 | 00739nam0 2200217 450 | |
| 001 | 0639063755 | |
| 005 | 20060303105257.46 | |
| 010 | @dCNY0.26 | |
| 091 | @a15040.3120 | |
| 100 | @a20060303d1973 km y0chiy0120 ea | |
| 101 | 0 | @achi |
| 102 | @aCN@b110000 | |
| 200 | 1 | @a推土铲运机@Atui tu chan yun ji@f陕西省建筑工程局《推土铲运机》编写组编@Fshan xi sheng jian zhu gong cheng ju《tui tu chan yun ji》bian xie zu bian |
| 210 | @a北京@c中国建筑工业出版社@d1973 | |
| 215 | 1 | @a120页@d20cm |
| 606 | 0 | @a挖掘机械 |
| 606 | 0 | @a铲土运输机械 |
| 690 | @aTU62@v4 | |
| 711 | 0 | @a陕西省建筑工程局《推土铲运机》编写组@Ashan xi sheng jian zhu gong cheng ju《tui tu chan yun ji》bian xie zu@4编 |
| 801 | 0 | @aCN@bPFT@c20060303 |
| 905 | @a10447@dTU62@e1 | |
| 推土铲运机/陕西省建筑工程局《推土铲运机》编写组编.-北京:中国建筑工业出版社,1973 |
| 120页;20cm |
| ISBN :CNY0.26 |
| ● |
| 相关链接 |
|
|
|
|
正题名:推土铲运机
索取号:TU62/1
 
预约/预借
| 序号 | 登录号 | 条形码 | 馆藏地/架位号 | 状态 | 备注 |
| 1 | 0017254 | 001481658 | 密集书库/ [索取号:TU62/1] | 在馆 |